Slaughter street

Saved in:
Bibliografiske detaljer
Hovedforfatter: Falstein, Louis (Author)
Format: Bog
Sprog:engelsk
Udgivet: Nueva York A Lion Book 1953
Serier:A Lion Original
Fag:
Tags: Tilføj Tag
Ingen Tags, Vær først til at tagge denne postø!

MARC

LEADER 00000nam a2200000 a 4500
001 UCZ8395
003 CL-VaPUC
008 960121e19530000US |||||||||||||||||eng|d
082 0 4 |a 813  |b FAL  |2 21 
100 0 |a Falstein, Louis  |e author  |9 353682 
245 1 0 |a Slaughter street 
300 |a 126 p 
942 |c BK 
945 |d 19960121 00:00:00  |a cmena 
260 |a Nueva York  |b A Lion Book  |c 1953 
650 0 |a Literatura estadounidense  |9 317168 
650 0 |a Novelas estadounidenses  |9 265217 
583 |a last modification  |c 19960121 00:00:00  |k Rodrigo Vera 
490 0 |a A Lion Original 
999 |c 244314  |d 244312 
952 |0 0  |1 0  |4 0  |6 813_000000000000000_FAL_1953  |7 0  |8 P  |9 258325  |a BIBEDU  |b BIBEDU  |c BIBEDU_PB  |d 2019-11-19  |i 1618512  |o 813 FAL 1953  |p 1618512  |r 2024-01-25  |w 2019-11-19  |y BK  |k FIL